| 000 | 00821nam a2200193 i 4500 | ||
|---|---|---|---|
| 001 | 25236 | ||
| 003 | ES-MaACL | ||
| 005 | 20250628063303.0 | ||
| 007 | t| | ||
| 008 | 021223s1853 sp ||||1| spa d | ||
| 100 | 1 |
_aArlincourt, Charles-Victor Prévost d', _d1789-1856 _922897 |
|
| 245 | 1 | 0 |
_aCarlos el temerario _b: o El solitario del monte salvaje / _cpor el vizconde de Arlincourt ; traducido de la última edición por J. Alegret de Mesa. |
| 260 |
_aMadrid : _bPublicación de Cabello Hermanos y Vicente, _c1853 ( _fImpr. de A. Vicente) |
||
| 300 |
_a246 p., [6] h. de lám. ; _c22 cm. |
||
| 700 | 1 |
_aAlegret de Mesa, José. _9125600 |
|
| 740 | 3 | _aEl solitario del monte salvaje. | |
| 852 |
_aES-MaACL _jD-4082(1) _q. - Encuadernado con otras obras _z.- Legado M. de la Fuente |
||
| 999 |
_c25236 _d25236 |
||